000
00261nam a2200109Ia 4500
008
200302s9999 xx 000 0 und d
100
_a
Peter Zumthor
245
_a
Thinking Architecture 3rd ed
260
_b
Birkhauser Verlag Gmbh
260
_c
2005
300
_a
111
999
_c
7277
_d
7277